Demand, supply, and animal spirits

Salvato in:
Dettagli Bibliografici
Autore principale: Lopez, Humberto
Altri autori: Ubide, Angel J.
Natura: Libro
Lingua:inglese
Pubblicazione: San Domenico (FI) European University Institute 1996
Serie:EUI Working paper ECO No. 96/32
Soggetti:
Tags: Aggiungi Tag
Nessun Tag, puoi essere il primo ad aggiungerne!!

MARC

LEADER 00000nam a2200000 4500
001 c133525
005 20221123124339.5
041 0 |a eng 
044 |a IT 
245 1 0 |a Demand, supply, and animal spirits  |c Humberto Lopez and Angel J. Ubide 
264 1 |a San Domenico (FI)  |b European University Institute  |c 1996 
300 |a 27 s. 
490 1 |a EUI Working paper ECO  |v No. 96/32 
830 0 |a EUI Working paper ECO  |v No. 96/32 
610 2 0 |a dopyt 
610 2 0 |a ponuka 
610 2 0 |a analýzy 
610 2 0 |a modely ekonometrické 
100 1 |a Lopez, Humberto 
700 1 |a Ubide, Angel J.